Методические рекомендации по реализации индивидуальных образовательных траекторий по инженерной экономике, ориентированных на будущие потребности ведущих отраслей промышленности и экономики (Запись № 12768052)

Подробности
000 -МАРКЕР
контрольное поле 03772nam0a2200373 4500
001 - ИДЕНТИФИКАТОР ЗАПИСИ
контрольное поле RU\NLR\BIBL_A\016231266
005 - ИДЕНТИФИКАТОР ВЕРСИИ
контрольное поле 20230425161721.0
010 ## - МЕЖДУНАРОДНЫЙ СТАНДАРТНЫЙ НОМЕР КНИГИ (ISBN)
Номер (ISBN) 978-5-7310-5803-2
Тираж 200
021 ## - НОМЕР ГОСУДАРСТВЕННОЙ РЕГИСТРАЦИИ
Код страны Российская Федерация
Номер КН-П-22-079109
Номер Листа государственной регистраци КН-П-22-6924
035 ## - ДРУГИЕ СИСТЕМНЫЕ НОМЕРА
Идентификатор записи (NLR Aleph) 016231266
035 ## - ДРУГИЕ СИСТЕМНЫЕ НОМЕРА
Идентификатор записи (RuMoRGB)011359103
100 ## - ДАННЫЕ ОБЩЕЙ ОБРАБОТКИ
Данные общей обработки 20221207d2022 u y0rusy50 ca
101 0# - ЯЗЫК РЕСУРСА
Язык текста, звукозаписи и т.д. русский
102 ## - СТРАНА ПУБЛИКАЦИИ ИЛИ ПРОИЗВОДСТВА
Страна публикации Российская Федерация
105 ## - ПОЛЕ КОДИРОВАННЫХ ДАННЫХ: ТЕКСТОВЫЕ МАТЕРИАЛЫ, МОНОГРАФИЧЕСКИЕ
Кодированные данные о монографическом текстовом документе y z 000zy
181 #0 - ПОЛЕ КОДИРОВАННЫХ ДАННЫХ: ВИД СОДЕРЖАНИЯ
Код вида содержания (ISBD) i
Код характеристики содержания (ISBD) axxe
182 #0 - ПОЛЕ КОДИРОВАННЫХ ДАННЫХ: ТИП СРЕДСТВА
Код типа средства (ISBD) n - непосредственное
200 1# - ЗАГЛАВИЕ И СВЕДЕНИЯ ОБ ОТВЕТСТВЕННОСТИ
Основное заглавие Методические рекомендации по реализации индивидуальных образовательных траекторий по инженерной экономике, ориентированных на будущие потребности ведущих отраслей промышленности и экономики
Сведения, относящиеся к заглавию учебно-методическое пособие
Первые сведения об ответственности Министерство науки и высшего образования Российской Федерации, Федеральное государственное бюджетное образовательное учреждение высшего образования "Санкт-Петербургский государственный экономический университет"
Последующие сведения об ответственности В. Г. Шубаева [и др.]
203 ## - ВИД СОДЕРЖАНИЯ И ТИП СРЕДСТВА
Вид содержания Текст
Дополнительные сведения об издании визуальный
Тип средства непосредственный
210 ## - ПУБЛИКАЦИЯ, РАСПРОСТРАНЕНИЕ И ДР.
Место издания, распространения и т.д. Санкт-Петербург
Имя издателя, распространителя и т. д. Изд-во Санкт-Петербургского государственного экономического университета
Дата издания, распространения и т.д. 2022
215 ## - ФИЗИЧЕСКАЯ ХАРАКТЕРИСТИКА
Специфическое обозначение материала и объем 25 с.
Размеры 20
300 ## - ОБЩИЕ ПРИМЕЧАНИЯ
Текст примечания На обороте тит. с. авт.: В. Г. Шубаева, И. М. Шаповалова, А. И. Бубенникова [и др.]
330 ## - РЕЗЮМЕ ИЛИ РЕФЕРАТ
Текст примечания В учебно-методическом пособии представлены методические рекомендации по проектированию и реализации индивидуальных образовательных траекторий в рамках основных профессиональных образовательных программ высшего образования, ориентированных на формирование профессиональных компетенций в области инженерной экономики. Методические рекомендации предназначены для основных профессиональных образовательных программ высшего образования и могут применяться разработчиками основных профессиональных образовательных программ, представителями учебных подразделений образовательных организаций при разработке основных профессиональных образовательных программ и ихактуализации
606 1# - НАИМЕНОВАНИЕ ТЕМЫ КАК ПРЕДМЕТ
Наименование темы Промышленность
Формальный подзаголовок Учебно-методические пособия
Тематический подзаголовок Экономика
-- Кадры
-- Подготовка
Системный номер авторитетной/нормативной записи 1984410
Идентификатор авторитетной/нормативной записи RU\NLR\AUTH\66910622
675 ## - УНИВЕРСАЛЬНАЯ ДЕСЯТИЧНАЯ КЛАССИФИКАЦИЯ (UDC/УДК)
Индекс 378.016:658.5(075.8)
Издание 4
686 1# - ИНДЕКСЫ ДРУГИХ КЛАССИФИКАЦИЙ
Индекс Ч489.1я7
702 #1 - ИМЯ ЛИЦА - ВТОРИЧНАЯ ОТВЕТСТВЕННОСТЬ
Начальный элемент ввода Шубаева
Часть имени, кроме начального элемента ввода В. Г.
Расширение инициалов личного имени Вероника Георгиевна
Код отношения Составитель
712 02 - НАИМЕНОВАНИЕ ОРГАНИЗАЦИИ - ВТОРИЧНАЯ ОТВЕТСТВЕННОСТЬ
Код отношения Издающая организация
Начальный элемент ввода Санкт-Петербургский государственный экономический университет
Системный номер авторитетной/нормативной записи 364064
Идентификатор авторитетной/нормативной записи RU\NLR\AUTH\8810239206
942 ## - ДОПОЛНИТЕЛЬНЫЕ ЭЛЕМЕНТЫ ЗАПИСИ (АБИС)
Тип экземпляра АБИС Книга
980 ## - КОЛЛЕКЦИЯ
Название коллекции Национальная библиография
Экземпляры
Тип экземпляра Дата поступления Источник поступления Стоимость Библиотека постоянного хранения Библиотека текущего хранения Место хранения Шифр хранения Штрих-код Статус экземпляра
Книга 07.12.2022 Обязательный экземпляр 0.00 РНБ (Московский) РНБ (Московский) Русский книжный фонд: издания с 1957 года 2022-4/10909 1-4082345  
Книга 07.12.2022 Обязательный экземпляр 0.00 РНБ (Московский) РНБ (Московский) Русский книжный фонд: издания с 1957 года 2022-4/10909 1-4082341